Culture Générale - Série 2488 - Statistiques

Statistiques générales
  • Ce quiz a été pris 120 fois
  • Le résultat moyen est 3 sur 10
Statistiques - réponses
Question Réponse % Correct
Substance jaunâtre, cireuse, sécrétée dans le conduit auditif externe des humains et autres mammifères. cérumen
95%
Dans quel pays se trouve le volcan appelé "Popocatepetl" ? Mexique
72%
En 1969, à quelle déesse de la mythologie romaine le groupe de rock néerlandais Shocking Blue fait-il référence ? Venus
39%
Dans le film "Les granges brulées" réalisé en1973 par Jean Chapot, qui incarne le juge Pierre Larcher, aux côtés de Simone Signoret (Rose Cateux) ? prénom et nom Alain Delon
24%
Baisse périodique des eaux (d'un cours d'eau) ; le plus bas niveau des eaux étiage
20%
Quel groupe musical s'est rendu célèbre en1989 avec la lambada ? Kaoma
20%
Quelle actrice incarnait "Poupette" l'arrière-grand-mère de Vic (Sophie Marceau) dans la Boum 1 et 2 ? prénom et nom - voir photo Denise Grey
18%
Dénigrer, médire de - 7 lettres commençant par " d " débiner
7%
Quelle rivière arrose la commune de Gisors (27) ? Epte
4%
Débridement d'une plaie consiste à en retirer les tissus morts, endommagés ou infectés afin d'améliorer le potentiel de guérison des tissus sains. parage
1%
Aucun quiz correspondant
Distribution des résultats
% des personnes avec chaque résultat
Percentile par nombre de réponses
Votre historique - résultats
Vous n’avez pas pris ce quiz